Buffy kissing match-up Quiz Stats

 Plays Quiz not verified by Sporcle

Score 0/18 Timer 04:00
1 Play Today
% Correct
Spike
97.6%
Angel
96.9%
Riley
95.7%
Tara
94.7%
Oz
94.2%
Drusilla
93.9%
Jenny
93.7%
Anya
93.6%
Anya
93.5%
% Correct
Xander
93.4%
Joyce
93%
Olivia
92.9%
Anya
92.7%
Harmony
92.7%
Drusilla
92.3%
Parker
92%
Cordelia
91.3%
Kennedy
90%

You're not logged in!

Compare scores with friends on all Sporcle quizzes.
OR
Log In

Sporcle TV

Today on Sporcle TV


Watch our educational content, quiz creation guides, and fun videos on Sporcle TV.

Show Comments

Extras

Top Quizzes Today


Score Distribution

Your Account Isn't Verified!

In order to create a playlist on Sporcle, you need to verify the email address you used during registration. Go to your Sporcle Settings to finish the process.

Report this User

Report this user for behavior that violates our Community Guidelines.

Details: